[Event "HUN-chT2 Barcza 1718"]
[Site "Hungary"]
[Date "2017.12.03"]
[Round "5.11"]
[White "Paal, Marton"]
[Black "Molnar, Janos2"]
[Result "1/2-1/2"]
[WhiteElo "1720"]
[BlackElo "1881"]
[PlyCount "128"]
[EventDate "2017.09.24"]
[EventType "team-tourn"]
[EventRounds "11"]
[EventCountry "HUN"]
[SourceTitle "EXT 2021"]
[Source "ChessBase"]
[SourceDate "2020.10.23"]
[SourceVersion "1"]
[SourceVersionDate "2020.10.23"]
[SourceQuality "1"]
[WhiteTeam "Szirmabesenyo"]
[BlackTeam "Tiszavasvar"]
[WhiteTeamCountry "HUN"]
[BlackTeamCountry "HUN"]

1. e4 g6 2. d4 Bg7 3. Nf3 d6 4. Nc3 Nf6 5. Bc4 c6 6. 0-0 b5 7. Bd3 0-0 8. a3 Bb7 9. e5 dxe5 10. dxe5 Nd5 11. Nxd5 Qxd5 12. Bf4 Nd7 13. Re1 Nc5 14. b4 Nxd3 15. Qxd3 Rfd8 16. Rad1 Qxd3 17. cxd3 a5 18. d4 axb4 19. axb4 Ra4 20. Bd2 h6 21. Ra1 Rda8 22. Rxa4 Rxa4 23. Rc1 e6 24. Bc3 Bf8 25. Rb1 Ra3 26. Bd2 Kg7 27. h3 Be7 28. Ne1 g5 29. Nc2 Ra2 30. Rc1 f6 31. f4 gxf4 32. Bxf4 Kg6 33. exf6 Bxf6 34. Bd6 Bg5 35. Ra1 Rxa1+ 36. Nxa1 Be3+ 37. Kf1 Bxd4 38. Nb3 Bb6 39. Nc1 Kf5 40. g4+ Ke4 41. Kg2 Be3 42. Ne2 e5 43. Ng3+ Kd5 44. Nf5 Bf4 45. Kf3 Ke6 46. Bc5 Bc8 47. Ke4 Kf6 48. Be7+ Ke6 49. Bf8 h5 50. gxh5 Kf6 51. Bg7+ Kg5 52. Ne7 Bxh3 53. Bxe5 Bg2+ 54. Kd4 Bd2 55. Bd6 Kxh5 56. Ke5 Kg5 57. Ke6 Bh3+ 58. Kf7 Bd7 59. Ng8 Bc3 60. Ke7 Bh3 61. Kd8 Kf5 62. Ne7+ Ke6 63. Kc7 Bg2 64. Nxc6 Bxc6 1/2-1/2

[Event "HUN-chT2 Erkel 1617"]
[Site "Hungary"]
[Date "2017.04.09"]
[Round "11.12"]
[White "Paal, Marton"]
[Black "Molnar, Laszlo6"]
[Result "1-0"]
[WhiteElo "1689"]
[BlackElo "1501"]
[PlyCount "57"]
[EventDate "2016.09.25"]
[EventType "team-tourn"]
[EventRounds "11"]
[EventCountry "HUN"]
[SourceTitle "EXT 2021"]
[Source "ChessBase"]
[SourceDate "2020.10.23"]
[SourceVersion "1"]
[SourceVersionDate "2020.10.23"]
[SourceQuality "1"]
[WhiteTeam "Andornaktalya"]
[BlackTeam "Szada GSBE"]
[WhiteTeamCountry "HUN"]
[BlackTeamCountry "HUN"]

1. e4 Nf6 2. Nc3 d5 3. e5 Nfd7 4. d4 e6 5. Nf3 c5 6. Be3 Nc6 7. Bb5 a6 8. Bxc6 bxc6 9. dxc5 Bxc5 10. Bxc5 Nxc5 11. Qd4 Nd7 12. Qg4 0-0 13. 0-0 c5 14. Rfe1 Rb8 15. b3 Rb4 16. Qg3 Qe7 17. a3 Rb8 18. Ne2 Re8 19. Nf4 Nf8 20. h4 Ng6 21. Nh3 h5 22. Nfg5 Nf8 23. Nf4 g6 24. Nxh5 gxh5 25. Ne4+ Ng6 26. Nf6+ Kg7 27. Nxh5+ Kh8 28. Nf6 Qf8 29. Qg5 1-0

[Event "HUN-chT2 Erkel 1617"]
[Site "Hungary"]
[Date "2017.03.12"]
[Round "10.11"]
[White "Paal, Marton"]
[Black "Babella, Balazs"]
[Result "1-0"]
[WhiteElo "1689"]
[BlackElo "1144"]
[PlyCount "103"]
[EventDate "2016.09.25"]
[EventType "team-tourn"]
[EventRounds "11"]
[EventCountry "HUN"]
[SourceTitle "EXT 2021"]
[Source "ChessBase"]
[SourceDate "2020.10.23"]
[SourceVersion "1"]
[SourceVersionDate "2020.10.23"]
[SourceQuality "1"]
[WhiteTeam "Andornaktalya"]
[BlackTeam "Szigetszentmiklos"]
[WhiteTeamCountry "HUN"]
[BlackTeamCountry "HUN"]

1. e4 c5 2. Nf3 Nc6 3. d4 cxd4 4. Nxd4 Nf6 5. Nc3 g6 6. Be3 d6 7. h3 Bg7 8. Bb5 Bd7 9. 0-0 0-0 10. f4 a6 11. Bxc6 Bxc6 12. Nxc6 bxc6 13. Qd3 Nd7 14. f5 Qc7 15. fxg6 hxg6 16. Bd4 e5 17. Be3 Nc5 18. Bxc5 dxc5 19. Qc4 Qb6 20. b3 Qb4 21. Na4 Bh6 22. Rae1 Bd2 23. Re2 Qxc4 24. bxc4 Bb4 25. Rf3 Ba5 26. Kf1 Rfd8 27. Rd3 Rxd3 28. cxd3 Bb4 29. Rb2 Rd8 30. Rb3 Rd4 31. a3 Bd2 32. Nxc5 a5 33. Rb8+ Kg7 34. Rb7 Kg8 35. Ke2 Bg5 36. Rd7 Kf8 37. Rxd4 exd4 38. Nb3 a4 39. Nxd4 c5 40. Nb5 Bf6 41. Ke3 Be5 42. d4 cxd4+ 43. Nxd4 Ke7 44. Nc6+ Ke6 45. Nxe5 Kxe5 46. g4 g5 47. Kd3 Kd6 48. Kd4 f6 49. c5+ Kc6 50. Kc4 Kc7 51. Kb5 Kb7 52. Kxa4 1-0

[Event "HUN-chT2 Erkel 1617"]
[Site "Hungary"]
[Date "2017.02.26"]
[Round "9.11"]
[White "Bolyki, Istvan"]
[Black "Paal, Marton"]
[Result "1/2-1/2"]
[WhiteElo "1515"]
[BlackElo "1689"]
[PlyCount "73"]
[EventDate "2016.09.25"]
[EventType "team-tourn"]
[EventRounds "11"]
[EventCountry "HUN"]
[SourceTitle "EXT 2021"]
[Source "ChessBase"]
[SourceDate "2020.10.23"]
[SourceVersion "1"]
[SourceVersionDate "2020.10.23"]
[SourceQuality "1"]
[WhiteTeam "Budapest MAFC"]
[BlackTeam "Andornaktalya"]
[WhiteTeamCountry "HUN"]
[BlackTeamCountry "HUN"]

1. d4 d5 2. c4 e6 3. Nc3 Nf6 4. cxd5 exd5 5. Bg5 c6 6. e3 Bf5 7. Qb3 b6 8. Nge2 Nbd7 9. f3 a5 10. e4 dxe4 11. fxe4 Be6 12. Qc2 Be7 13. Nf4 0-0 14. Bd3 h6 15. Bxf6 Bxf6 16. e5 Bg5 17. 0-0 Bxf4 18. Rxf4 Qg5 19. Raf1 Rac8 20. Ne4 Qd8 21. Nd6 Rc7 22. Bh7+ Kh8 23. Rxf7 Bxf7 24. Rxf7 Nf6 25. Rxf8+ Qxf8 26. Bg6 Nd5 27. Qe4 Qf4 28. Qxf4 Nxf4 29. Bf7 Ne2+ 30. Kf2 Nxd4 31. Ke3 c5 32. Ke4 Nc6 33. Kd5 Re7 34. e6 Nd8 35. Nc8 Rxf7 36. exf7 Nxf7 37. Nxb6 1/2-1/2

[Event "Eger Agria op 40th"]
[Site "Eger"]
[Date "2016.07.19"]
[Round "3"]
[White "Paal, Marton"]
[Black "Balogh, Lajos"]
[Result "0-1"]
[WhiteElo "1647"]
[BlackElo "1930"]
[PlyCount "34"]
[EventDate "2016.07.18"]
[EventType "swiss"]
[EventRounds "8"]
[EventCountry "HUN"]
[SourceTitle "EXT 2020"]
[Source "ChessBase"]
[SourceDate "2019.10.17"]
[SourceVersion "1"]
[SourceVersionDate "2019.10.17"]
[SourceQuality "1"]

1. e4 e5 2. Nf3 Nf6 3. Nc3 Nc6 4. d4 exd4 5. Nxd4 Bb4 6. Nf5 0-0 7. Bd3 Bxc3+ 8. bxc3 d5 9. exd5 Re8+ 10. Be3 Qxd5 11. Nh4 Bg4 12. Qc1 Qh5 13. g3 Ne5 14. 0-0 Nf3+ 15. Nxf3 Bxf3 16. Re1 g5 17. c4 Ng4 0-1

[Event "Eger Agria op 40th"]
[Site "Eger"]
[Date "2016.07.18"]
[Round "1"]
[White "Paal, Marton"]
[Black "Juhasz, Bela"]
[Result "0-1"]
[WhiteElo "1647"]
[BlackElo "2131"]
[PlyCount "70"]
[EventDate "2016.07.18"]
[EventType "swiss"]
[EventRounds "8"]
[EventCountry "HUN"]
[SourceTitle "EXT 2020"]
[Source "ChessBase"]
[SourceDate "2019.10.17"]
[SourceVersion "1"]
[SourceVersionDate "2019.10.17"]
[SourceQuality "1"]

1. e4 c5 2. Nf3 e6 3. d4 cxd4 4. Nxd4 a6 5. Nc3 Qc7 6. Bd3 Nf6 7. 0-0 Be7 8. Be3 d6 9. f4 0-0 10. f5 e5 11. Nb3 Re8 12. Qf3 b5 13. a3 Bb7 14. Qg3 Bf8 15. Bg5 Nbd7 16. Rad1 Rac8 17. Kh1 Kh8 18. Qh3 d5 19. exd5 e4 20. Nxe4 Rxe4 21. Bxf6 Nxf6 22. Bxe4 Nxe4 23. Qd3 Re8 24. Nd4 Qc5 25. Nf3 Nf2+ 26. Rxf2 Qxf2 27. Rf1 Qc5 28. f6 Qxd5 29. Qc3 gxf6 30. Qxf6+ Bg7 31. Qh4 Re2 32. b4 h6 33. Qg3 Rxc2 34. Re1 Kh7 35. Qh4 Rxg2 0-1